Bayern Munich - Tous les joueurs (2020-) - Statistiques

Statistiques générales
  • Ce quiz a été pris 458 fois
    220 depuis la dernière actualisation
  • Le résultat moyen est 30 sur 56
Statistiques - réponses
Saisons Nationalité Joueur Nb de matchs % Correct
2020- Allemagne Manuel Neuer 94
99%
2020- Canada Alphonso Davies 97
96%
2020- France Kingsley Coman 91
95%
2020- Allemagne Thomas Müller 120
95%
2020- Allemagne Joshua Kimmich 114
93%
2020- Allemagne Leon Goretzka 98
93%
2020-2022 Pologne Robert Lewandowski 63
93%
2020- Allemagne Leroy Sané 123
91%
2023- Angleterre Harry Kane 32
88%
2021- France Dayot Upamecano 80
87%
2020- Cameroun Eric-Maxim Choupo-Moting 88
87%
2020-2023 France Benjamin Pavard 78
85%
2023- Corée du Sud Kim Min-Jae 24
85%
2020- Allemagne Serge Gnabry 105
85%
2022- Pays-Bas Matthijs de Ligt 51
84%
2022-2023 Sénégal Sadio Mané 25
82%
2022- Maroc Noussair Mazraoui 38
81%
2020-2023 France Lucas Hernandez 55
80%
2020- Allemagne Jamal Musiala 113
76%
2020-2021 Autriche David Alaba 33
74%
2023- Autriche Konrad Laimer 27
74%
2020- Sénégal Bouna Sarr 16
68%
2020-2022 France Corentin Tolisso 31
68%
2020-2021 Allemagne Jérôme Boateng 29
68%
2023- Portugal Raphaël Guerreiro 20
68%
2021- Allemagne Sven Ulreich 20
68%
2021-2023 Autriche Marcel Sabitzer 40
67%
2022- France Mathys Tel 50
66%
2022-2023 Suisse Yann Sommer 19
63%
2020-2022 Allemagne Niklas Süle 48
59%
2020-2023 Croatie Josip Stanisic 28
55%
2023- Allemagne Aleksandar Pavlovic 17
52%
2023- Angleterre Eric Dier 14
50%
2022-2023 Portugal Joao Cancelo 14
43%
2022-2024 Pays-Bas Ryan Gravenberch 25
40%
2020-2021 Espagne Javi Martinez 19
39%
2020-2021 Brésil Douglas Costa 11
36%
2023- France Sacha Boey 2
36%
2020-2022 France Michaël Cuisance 2
35%
2020-2022 Espagne Marc Roca 15
25%
2020-2021 Pays-Bas Joshua Zirkzee 3
23%
2023- Espagne Bryan Zaragoza 5
22%
2020-2022 France Tanguy Nianzou 23
21%
2020-2021 Allemagne Alexander Nübel 1
19%
2022-2023 Pays-Bas Daley Blind 4
19%
2022-2023 Allemagne Arijon Ibrahimovic 1
16%
2020-2022 Etats-Unis Chris Richards 4
16%
2021-2022 Angleterre Omar Richards 12
16%
2021-2022 Etats-Unis Malik Tillman 4
13%
2021-2023 Allemagne Paul Wanner 6
11%
2020-2021 Portugal Tiago Dantas 2
7%
2021-2022 Allemagne Christian Früchtl 1
3%
2023-2024 Allemagne Frans Krätzig 4
3%
2023- Croatie Lovro Zvonarek 3
3%
2020-2021 Allemagne Christopher Scott 2
0%
2021-2022 Allemagne Lucas Copado 1
0%
Aucun quiz correspondant
Distribution des résultats
% des personnes avec chaque résultat
Percentile par nombre de réponses
Votre historique - résultats
Vous n’avez pas pris ce quiz depuis la dernière actualisation